Κατάλογος Βιβλιοθηκών Mediterranean College

Το Σαφάρι της Στρατηγικής / Εισαγωγή στη Στρατηγική Διοίκηση Επιχειρήσεων (Record no. 1362)

MARC details
000 -LEADER
fixed length control field 02513cam a22002294a 4500
005 - ΗΜΕΡΟΜΗΝΙΑ ΚΑΙ ΩΡΑ ΤΕΛΕΥΤΑΙΑΣ ΕΝΗΜΕΡΩΣΗΣ
Πεδίο ελέγχου 20250605164006.0
008 - FIXED-LENGTH DATA ELEMENTS--GENERAL INFORMATION
Πεδίο ελέγχου σταθερού μήκους 250528s ||||||||||||||||||||||||d
035 ## - SYSTEM CONTROL NUMBER
System control number 15811
020 ## - ISBN
ISBN 9600336792
040 ## - ΠΗΓΗ ΚΑΤΑΛΟΓΟΓΡΑΦΗΣΗΣ
Φορέας πρωτότυπης καταλογογράφησης MC Athens Campus Library
Γλώσσα καταλογογράφησης Ελληνικά, Μοντέρνα (1453-)
Modifying agency MC Athens Campus Library
Κανόνες περιγραφικής καταλογογράφησης AACR2
245 1# - ΤΙΤΛΟΣ ΚΑΙ ΔΗΛΩΣΗ ΥΠΕΥΘΥΝΟΤΗΤΑΣ
Τίτλος Το Σαφάρι της Στρατηγικής / Εισαγωγή στη Στρατηγική Διοίκηση Επιχειρήσεων
260 ## - PUBLICATION, DISTRIBUTION, ETC.
Name of publisher, distributor, etc. Καστανιώτη,
Date of publication, distribution, etc. 2004
300 ## - PHYSICAL DESCRIPTION
Extent 464
520 ## - SUMMARY, ETC.
Summary, etc. Μιά ευρεία επισκόπηση όλων των σχολών σκέψης στη Στρατηγική Διοίκηση. Πρόλογος, Επιβίβαση, ''Ιδού Κυρίες και Κύριοι: Ο Ελέφαντας του Στρατηγικού Μάνατζμεντ, Η Σχολή του Σχεδιασμού (Η Διαμόρφωση Στρατηγικής ως Διαδικασία Νοητικής Σύλληψης), Η Σχολή του Προγραμματισμού (Η Διαμόρφωση Στρατηγικής ως Επίσημη Διαδικασία), Η Σχολή της Τοποθέτησης (Η Διαμόρφωση Στρατηγικής ως Αναλυτική Διαδικασία), Η Σχολή του Επιχειρηματικότητας (Η Διαμόρφωση Στρατηγικής ως Διαδιασία Οραματισμού), Η Γνωστική Σχολή (Η Διαμόρφωση Στρατηγικής ως Διανοητική Διαδικασία), Η Σχολή της Μάθησης (Η Διαμόρφωση Στρατηγικής ως Αναδυόμενη Διαδικασία), Η Σχολή της Ισχύος (Η Διαμόρφωση Στρατηγικής ως Διαδικασία Διαπραγμάτευσης, Η Σχολή της Κουλτούρας (Η Διαμόρφωση Στρατηγικής ως Συλλογική Διαδικασία, Η Σχολή του Περιβάλλοντος (Η Διαμόρφωση Στρατηγικής ως Διαδικασία Αντίδρασης, Η Σχολή του Διαμορφώματος (Η Διαμόρφωση Στρατηγικής ως Διαδικασία Μετασχηματισμού, Βιβλιογραφία, Πίνακας Δικαιωμάτων, Ευρετήριο.
700 1# - ΠΡΟΣΘΕΤΗ ΑΝΑΓΡΑΦΗ--ΦΥΣΙΚΟ ΠΡΟΣΩΠΟ
Personal name Ahlstrand Bruce
9 (RLIN) 1810
700 1# - ΠΡΟΣΘΕΤΗ ΑΝΑΓΡΑΦΗ--ΦΥΣΙΚΟ ΠΡΟΣΩΠΟ
Personal name Lampel Joseph
9 (RLIN) 1811
700 1# - ΠΡΟΣΘΕΤΗ ΑΝΑΓΡΑΦΗ--ΦΥΣΙΚΟ ΠΡΟΣΩΠΟ
Personal name Γιαμαλίδου Μαρία
9 (RLIN) 1812
700 1# - ΠΡΟΣΘΕΤΗ ΑΝΑΓΡΑΦΗ--ΦΥΣΙΚΟ ΠΡΟΣΩΠΟ
Personal name Παπούλιας Δημήτρης Β
942 ## - ADDED ENTRY ELEMENTS (KOHA)
Koha item type Books
Holdings
Τύπος τεκμηρίου Βιβλιοθήκη Τρέχουσα τοποθεσία Barcode Αριθμός εισαγωγής Ημερομηνία απόκτησης Ταξιθετικό σύμβολο Αριθμός αντιτύπου Κατάσταση απόσυρσης Κατάσταση χαμένου Κατάσταση κατεστραμμένου Μη δανεισμός Σύνολο δανεισμών Ημερομηνία τελευταίας εμφάνισης Η τιμή ισχύει από
Books MC Athens Campus Library MC Athens Campus Library 9780000013613 2195 05/06/2025 658.4012 MIN 1           05/06/2025 05/06/2025

MC Athens Campus Library
Πατησίων 94 & Κοδριγκτώνος 13, 104 34
Πελλήνης 8 & Πατησίων 107, 112 51
Τ: +30 210 8899600

MC Thessaloniki Campus Library
Ίωνος Δραγούμη 21, 54625 | Ίωνος Δραγούμη 15, 54625
Τ: +30 2310 287779 – Τ: +30 2314 440300